00488nam a2200145Ia 4500003000400000008004100004100002200045245004400067260003200111300000800143650000900151942001200160999001500172952015500187OSt191201s2015 xx 000 0 und d aLOWENSTEIN, Roger 0aReminiscences of a Stock Operator  aN. DelhibWiley Indiac2015 a273 aNCFM 2ddccBK c6673d6673 00102ddc40708NCFMaPIETbPIETd2016-03-08eAmazon onlineg775.00kamazon onlinel0o332.64 LORp29196r2019-12-04 00:00:00v775.00w2016-07-15yBK